| 000 | 00713nam a22001457a 4500 | ||
|---|---|---|---|
| 008 | 090809t xxu||||| |||| 00| 0 eng d | ||
| 020 | _a9770433209 | ||
| 082 |
_a328.36530962 _bص ا و |
||
| 245 |
_aمشروع لائحة جديدة لمجلس الشعب: _bدراسة سياسية وقانونية/ _cعلى الصاوى |
||
| 260 |
_aالقاهرة: _bدار النهضة العربية، _c2001 |
||
| 300 |
_a؛356 ص _c19 سم |
||
| 651 |
_98389 _aمصر _x-- مجلس الشعب-- لوائح وممارسات |
||
| 942 |
_2ddc _cBB |
||
| 999 |
_c12553 _d12553 |
||